Les Ours - Statistiques

Statistiques générales
  • Ce quiz a été pris 69 fois
  • Le résultat moyen est 5 sur 8
Statistiques - réponses
Par images Réponse % Correct
Panda géant
100%
Ours blanc
98%
Ours brun
95%
Ours noir
73%
Ours à lunettes
37%
Ours malais
37%
Ours brun d'Asie
23%
Ours lippu
22%
Aucun quiz correspondant
Distribution des résultats
% des personnes avec chaque résultat
Percentile par nombre de réponses
Votre historique - résultats
Vous n’avez pas pris ce quiz